| 000 -LEADER |
| fixed length control field |
00802nam a22001697a 4500 |
| 005 - DATE AND TIME OF LATEST TRANSACTION |
| control field |
20201224131818.0 |
| 008 - FIXED-LENGTH DATA ELEMENTS--GENERAL INFORMATION |
| fixed length control field |
191107s2019 ru ||||| |||| 00| 0 rus d |
| 020 ## - INTERNATIONAL STANDARD BOOK NUMBER |
| Qualifying information |
02080613 |
| 041 ## - LANGUAGE CODE |
| Language code of text/sound track or separate title |
rus |
| 245 ## - TITLE STATEMENT |
| Title |
Молекулярная генетика микробиология и вирусология : |
| Remainder of title |
2019. научно-теоретический журнал / |
| Statement of responsibility, etc. |
Главный ред : С.В. Костров. |
| 260 ## - PUBLICATION, DISTRIBUTION, ETC. |
| Place of publication, distribution, etc. |
Москва : |
| Name of publisher, distributor, etc. |
Медиасфера, |
| Date of publication, distribution, etc. |
2019. |
| 300 ## - PHYSICAL DESCRIPTION |
| Extent |
V. |
| 653 ## - INDEX TERM--UNCONTROLLED |
| Uncontrolled term |
მოლეკულური გენეტიკა მიკრობიოლოგია და ვირუსოლოგია |
| 653 ## - INDEX TERM--UNCONTROLLED |
| Uncontrolled term |
პერიოდიკა |
| 700 ## - ADDED ENTRY--PERSONAL NAME |
| Personal name |
Костров, С.В. |
| Relator term |
მთავარი რედაქტორი |
| 9 (RLIN) |
5284 |
| 942 ## - ADDED ENTRY ELEMENTS (KOHA) |
| Source of classification or shelving scheme |
|
| Koha item type |
პერიოდიკა |